000 00534nam a2200181 a 4500
001 000025446
005 20200930023808.0
008 110216s1968 mx r 000 p spa d
040 _aDO-SdBNP
_bspa
_cBNPHU
082 _aNNN
_bM779p
100 1 _aMontes de Oca, Marco Antonio
_d1932-
_952055
245 1 0 _aPedir el fuego /
_cMarco Antonio Montes de Oca.
260 _aMéxico, D. F. :
_bJoaquín Mortiz,
_c[1968].
300 _a83, [2] p. ;
_c22 cm.
490 1 _aLas dos orillas
830 0 _aLas dos orillas
_914092
049 _aBNGR
999 _c24938
_d24938